| 000 | 00696nam a2200241 a 4500 | ||
|---|---|---|---|
| 999 |
_c1825 _d1825 |
||
| 007 | ta | ||
| 008 | 200120s1981 ii ||||g u|||f00| 0 eng d | ||
| 020 | _cRs. 210.00 | ||
| 040 |
_aKO _beng |
||
| 041 | 0 | _aeng | |
| 082 | 0 | 4 |
_223 _a623.853 _bIS9734:1981 |
| 110 | 2 | _aIndian Standards Institution | |
| 245 | 1 | 0 | _aGuidelines for Test and Trials of Shipboard Air-Conditioning Systems |
| 260 |
_aNew Delhi : _bIndian Standards Institution, _c1981 |
||
| 300 |
_a15 p. ; _c30 cm. |
||
| 490 | 0 |
_aIndian Standard ; _vIS 9734: 1981 |
|
| 650 | 0 |
_aShips _xAir conditioning _xTesting _xStandards |
|
| 650 | 0 |
_aShipbuilding _xStandards |
|
| 904 | _aRUDRA_R | ||
| 905 | _aR_RANJAN | ||
| 942 | _cRT | ||